| 000 | 00505nam a22001457a 4500 | ||
|---|---|---|---|
| 005 | 20260309095437.0 | ||
| 008 | 260309b |||||||| |||| 00| 0 eng d | ||
| 020 | _a978-178583426-4 | ||
| 100 | _aMARSH, LINDSEY | ||
| 245 |
_aTHE SCHOOL FUNDRAISING HANDBOOK _bHOW TO MAXIMISE YOUR INCOME FROM GRANTS, SPONSORSHIP AND MANY OTHER SOURCES OF FINANCE |
||
| 260 |
_aWALES _bCROWN HOUSE PUBLISHING _c2019 |
||
| 300 | _aX, 209P. | ||
| 650 | _a1. SCHOOLS - FINANCE 2. EDUCATIONAL FUND RAISING | ||
| 942 |
_2lcc _cBK |
||
| 999 |
_c216809 _d216809 |
||